| 000 | 00467nam a2200181 a 4500 | ||
|---|---|---|---|
| 005 | 20140310183523.0 | ||
| 008 | 110802s19uu xx 00 eng d | ||
| 020 | _a9780073397603 | ||
| 050 |
_aHQ 1060 _b.Ag267 2009 |
||
| 245 | _aAging 08/09 / | ||
| 250 | _a21st | ||
| 260 |
_aNew York : _bMcGraw-Hill, _c2009. |
||
| 300 |
_a206 p. : _bill. ; _c30 cm. |
||
| 650 | _aAging-Periodicals. | ||
| 700 | _aHarold Cox - editor | ||
| 942 |
_cBK _2lcc _kFOR |
||
| 999 |
_c24447 _d24447 |
||